[Event "Lille Luce op 7th"]
[Site "Lille"]
[Date "2016.04.11"]
[Round "3"]
[White "Kveinys, Aloyzas"]
[Black "Penalver, Francois"]
[Result "1-0"]
[WhiteElo "2542"]
[BlackElo "1679"]
[PlyCount "27"]
[EventDate "2016.04.09"]
[EventType "swiss"]
[EventRounds "7"]
[EventCountry "FRA"]
[SourceTitle "CBM 171 Extra"]
[Source "ChessBase"]
[SourceDate "2016.04.26"]
[SourceVersion "1"]
[SourceVersionDate "2016.04.26"]
[SourceQuality "1"]

1. d4 Nf6 2. c4 g6 3. Nc3 Bg7 4. e4 d6 5. f3 0-0 6. Be3 Nc6 7. Nge2 a6 8. Qd2 Rb8 9. Rc1 e5 10. d5 Ne7 11. g3 Nd7 12. Bg2 f5 13. 0-0 Nf6 14. Bg5 1-0

[Event "Lille Luce op 3rd"]
[Site "Lille"]
[Date "2012.04.27"]
[Round "6"]
[White "Froment, Josephine"]
[Black "Penalver, Francois"]
[Result "0-1"]
[WhiteElo "1337"]
[BlackElo "1851"]
[PlyCount "50"]
[EventDate "2012.04.23"]
[EventType "swiss"]
[EventRounds "8"]
[EventCountry "FRA"]
[SourceTitle "CBM 148 Extra"]
[Source "ChessBase"]
[SourceDate "2012.06.22"]
[SourceVersion "1"]
[SourceVersionDate "2012.06.22"]
[SourceQuality "1"]

1. e4 c5 2. Nc3 Nc6 3. g3 g6 4. Bg2 Bg7 5. d3 e6 6. f4 d6 7. Nf3 Nge7 8. 0-0 0-0 9. Be3 Rb8 10. h3 b5 11. a3 b4 12. axb4 Rxb4 13. Qc1 Qb6 14. g4 f5 15. Kh2 Bd7 16. Rg1 Rb8 17. gxf5 exf5 18. h4 Nd4 19. e5 Nxf3+ 20. Bxf3 dxe5 21. fxe5 Bxe5+ 22. Kh1 Rxh4+ 23. Kg2 Rh2+ 24. Kf1 Bc6 25. Be2 Qxb2 0-1

[Event "Calvi Balagne op 03rd"]
[Site "Calvi"]
[Date "2006.02.25"]
[Round "7"]
[White "Penalver, Francois"]
[Black "Wojnowski, Jaroslaw"]
[Result "1-0"]
[WhiteElo "1920"]
[BlackElo "1630"]
[PlyCount "39"]
[EventDate "2006.02.19"]
[EventType "swiss"]
[EventRounds "9"]
[EventCountry "FRA"]
[SourceTitle "CBM 110 Extra"]
[Source "ChessBase"]
[SourceDate "2006.03.10"]
[SourceVersion "2"]
[SourceVersionDate "2006.03.10"]
[SourceQuality "1"]

1. e4 d6 2. d4 g6 3. Nc3 Bg7 4. Be3 Nf6 5. f3 0-0 6. Qd2 Nc6 7. 0-0-0 e5 8. d5 Na5 9. b4 Nc4 10. Bxc4 c6 11. dxc6 bxc6 12. Qxd6 Bb7 13. Qxd8 Rfxd8 14. Rxd8+ Rxd8 15. Nge2 a6 16. Rd1 Ra8 17. Kb2 Bf8 18. Bg5 Kg7 19. Bxf6+ Kxf6 20. Rd7 1-0

[Event "Calvi Balagne op 03rd"]
[Site "Calvi"]
[Date "2006.02.22"]
[Round "4"]
[White "Midoux, Sebastien"]
[Black "Penalver, Francois"]
[Result "1-0"]
[WhiteElo "2314"]
[BlackElo "1920"]
[PlyCount "67"]
[EventDate "2006.02.19"]
[EventType "swiss"]
[EventRounds "9"]
[EventCountry "FRA"]
[SourceTitle "CBM 110 Extra"]
[Source "ChessBase"]
[SourceDate "2006.03.10"]
[SourceVersion "2"]
[SourceVersionDate "2006.03.10"]
[SourceQuality "1"]

1. e4 c5 2. Nf3 d6 3. Bb5+ Nd7 4. 0-0 Ngf6 5. d4 a6 6. Bxd7+ Nxd7 7. Bg5 Qc7 8. d5 Nb6 9. h3 e5 10. a4 h6 11. Bh4 g5 12. Bg3 g4 13. hxg4 Bxg4 14. Nbd2 Be7 15. a5 Nd7 16. Qe1 Bxf3 17. Nxf3 Qd8 18. Nd2 h5 19. f3 h4 20. Bf2 Nf8 21. Nc4 Ng6 22. Be3 Nf4 23. Bxf4 exf4 24. e5 Kf8 25. Qe4 h3 26. Qxf4 hxg2 27. Kxg2 Rh4 28. Qf5 Rxc4 29. e6 Bf6 30. Rh1 Ke7 31. exf7 Be5 32. f8Q+ Qxf8 33. Rh7+ Ke8 34. Qd7# 1-0

[Event "Calvi Balagne op 03rd"]
[Site "Calvi"]
[Date "2006.02.20"]
[Round "2"]
[White "Genov, Petar"]
[Black "Penalver, Francois"]
[Result "1-0"]
[WhiteElo "2467"]
[BlackElo "1920"]
[PlyCount "57"]
[EventDate "2006.02.19"]
[EventType "swiss"]
[EventRounds "9"]
[EventCountry "FRA"]
[SourceTitle "CBM 110 Extra"]
[Source "ChessBase"]
[SourceDate "2006.03.10"]
[SourceVersion "2"]
[SourceVersionDate "2006.03.10"]
[SourceQuality "1"]

1. c4 Nf6 2. Nc3 d5 3. cxd5 Nxd5 4. g3 Nxc3 5. bxc3 c6 6. Bg2 Bf5 7. e4 Bg6 8. f4 e6 9. Qe2 Be7 10. Nf3 Nd7 11. 0-0 0-0 12. Kh1 Re8 13. Rb1 Rb8 14. g4 h6 15. d4 Qa5 16. f5 exf5 17. gxf5 Bh7 18. Bf4 Qxc3 19. Bxb8 Rxb8 20. Bh3 Nf6 21. Rfc1 Qa3 22. Rxc6 Nh5 23. Rb3 Qa5 24. Qc2 Nf4 25. Bf1 Bf8 26. Rc7 g5 27. Qc4 Kh8 28. Qxf7 Bg8 29. Qf6+ 1-0